00571 2200181 4500245004100000020002200041250001100063700001800074700002600092650004800118005001900166260003300185041001400218084001000232500009000242490004800332336000900380 aAmfibi Volume 5cErry SunarayahText a978-979-3535-67-8 aCet. 1 aErry Sunaraya aAswita Ratih Fitriani aEnsiklopedia Biologi Dunia Hewan : 5 AMFIBI a20231116135947 aJakartabLENTERA ABADIc2010 aIndonesia a590.3 aDaftar isi : Amfibi, Kadal dan salamander, sesilia, katak dan kodok, amfibi terancam. aEnsiklopedia Biologi Dunia Hewan : 5 AMFIBI atext